NATIONAL HEALTH PROGRAMS OF INDIA (Record no. 1449)

MARC details
000 -LEADER
fixed length control field 00357nam a2200145Ia 4500
008 - FIXED-LENGTH DATA ELEMENTS--GENERAL INFORMATION
fixed length control field 150201s2012 xx 000 0 und d
082 ## - DEWEY DECIMAL CLASSIFICATION NUMBER
Classification number 614
Item number N12K
100 ## - MAIN ENTRY--PERSONAL NAME
Personal name KISHORE, J.
245 ## - TITLE STATEMENT
Title NATIONAL HEALTH PROGRAMS OF INDIA
250 ## - EDITION STATEMENT
Edition statement 10TH
260 ## - PUBLICATION, DISTRIBUTION, ETC. (IMPRINT)
Name of publisher, distributor, etc. CENTURY PUB.
Place of publication, distribution, etc. DELHI
Date of publication, distribution, etc. 2012
300 ## - PHYSICAL DESCRIPTION
Extent 1-899
650 ## - SUBJECT ADDED ENTRY--TOPICAL TERM
Topical term or geographic name as entry element COMMUNITY MEDICINE
942 ## - ADDED ENTRY ELEMENTS (KOHA)
Source of classification or shelving scheme Dewey Decimal Classification
Koha item type Books
Koha issues (borrowed), all copies 1
Holdings
Withdrawn status Lost status Source of classification or shelving scheme Damaged status Not for loan Collection code Home library Current library Shelving location Date acquired Source of acquisition Cost, normal purchase price SGTU Bill Number Total Checkouts Full call number Barcode Date last seen Bill Date Koha item type Date last checked out
    Dewey Decimal Classification     MEDICAL SGT Medical Library SGT Medical Library Text Book 24/01/2013 ABC DELHI 900.00 SGTU 3109   614 N12K FM5248 09/02/2015 05/02/2013 Books  
    Dewey Decimal Classification     MEDICAL SGT Medical Library SGT Medical Library Text Book 24/01/2013 ABC DELHI 900.00 SGTU 3109 1 614 N12K FM5249 26/04/2018 05/02/2013 Books 25/04/2018
    Dewey Decimal Classification     MEDICAL SGT Medical Library SGT Medical Library Text Book 24/01/2013 ABC DELHI 900.00 SGTU 3109 2 614 N12K FM5250 01/05/2024 05/02/2013 Books 01/05/2024